<?xml version="1.0" encoding="UTF-8"?>
<record
    xmlns:xsi="http://www.w3.org/2001/XMLSchema-instance"
    xsi:schemaLocation="http://www.loc.gov/MARC21/slim http://www.loc.gov/standards/marcxml/schema/MARC21slim.xsd"
    xmlns="http://www.loc.gov/MARC21/slim">

  <leader>02042nam a22002177a 4500</leader>
  <controlfield tag="003">OSt</controlfield>
  <controlfield tag="005">20251113152910.0</controlfield>
  <controlfield tag="008">251113b        |||||||| |||| 00| 0 eng d</controlfield>
  <datafield tag="040" ind1=" " ind2=" ">
    <subfield code="c">DCL</subfield>
  </datafield>
  <datafield tag="082" ind1=" " ind2=" ">
    <subfield code="a">T-4 B.A</subfield>
  </datafield>
  <datafield tag="100" ind1=" " ind2=" ">
    <subfield code="a">&#x1002;&#x102F;&#x100F;&#x102C;&#x1005;&#x102C;&#x101B;&#x104A; </subfield>
    <subfield code="c">&#x1021;&#x101B;&#x103E;&#x1004;&#x103A;</subfield>
    <subfield code="b">&#x1005;. &#x1005;. &#x101B;-&#x1042;&#x1040;</subfield>
  </datafield>
  <datafield tag="245" ind1=" " ind2=" ">
    <subfield code="a">&#x1019;&#x101F;&#x102C;&#x1017;&#x102F;&#x1012;&#x1039;&#x1013;&#x101D;&#x1004;&#x103A; &#x1015;&#x100C;&#x1019;&#x1010;&#x103D;&#x1032; (&#x1015;&#x100C;&#x1019;&#x1015;&#x102D;&#x102F;&#x1004;&#x103A;&#x1038;) &#x1021;&#x1014;&#x102F;&#x1012;&#x102E;&#x1015;&#x1014;&#x102E; &#x101C;&#x1031;&#x1037;&#x101C;&#x102C;&#x101E;&#x102F;&#x1036;&#x1038;&#x101E;&#x1015;&#x103A;&#x1001;&#x103C;&#x1004;&#x103A;&#x1038; (&#x1005;&#x102C;&#x1019;&#x103B;&#x1000;&#x103A;&#x1014;&#x103E;&#x102C; &#x1013;&#x102D; &#x1019;&#x103E; &#x101C;&#x102D;&#x1021;&#x1011;&#x102D;) /</subfield>
    <subfield code="c">&#x1021;&#x101B;&#x103E;&#x1004;&#x103A;&#x1002;&#x102F;&#x100F;&#x102C;&#x1005;&#x102C;&#x101B;&#x104B;</subfield>
  </datafield>
  <datafield tag="264" ind1=" " ind2=" ">
    <subfield code="a">&#x101B;&#x1014;&#x103A;&#x1000;&#x102F;&#x1014; &#x104A;</subfield>
    <subfield code="b">&#x1014;&#x102D;&#x102F;&#x1004;&#x103A;&#x1004;&#x1036;&#x1010;&#x1031;&#x102C;&#x103A; &#x1015;&#x101B;&#x102D;&#x101A;&#x1010;&#x1039;&#x1010;&#x102D;&#x101E;&#x102C;&#x101E;&#x1014;&#x102C;&#x1037;&#x1010;&#x1000;&#x1039;&#x1000;&#x101E;&#x102D;&#x102F;&#x101C;&#x103A;(&#x101B;&#x1014;&#x103A;&#x1000;&#x102F;&#x1014;&#x103A;)&#x104A; </subfield>
    <subfield code="c">&#x1042;&#x1040;&#x1040;&#x1046;&#x104B;</subfield>
  </datafield>
  <datafield tag="300" ind1=" " ind2=" ">
    <subfield code="a">&#x1008;&#x104A; &#x1046;&#x1049; &#x1005;&#x102C;&#x1019;&#x103B;&#x1000;&#x103A;&#x1014;&#x103E;&#x102C; &#x104A;</subfield>
    <subfield code="c">&#x1043;&#x1040; &#x1005;&#x1004;&#x103A;&#x1010;&#x102E;&#x104B;</subfield>
  </datafield>
  <datafield tag="500" ind1=" " ind2=" ">
    <subfield code="a">&#x1014;&#x102D;&#x102F;&#x1004;&#x103A;&#x1004;&#x1036;&#x1010;&#x1031;&#x102C;&#x103A; &#x1015;&#x101B;&#x102D;&#x101A;&#x1010;&#x1039;&#x1010;&#x102D;&#x101E;&#x102C;&#x101E;&#x1014;&#x102C;&#x1037;&#x1010;&#x1000;&#x1039;&#x1000;&#x101E;&#x102D;&#x102F;&#x101C;&#x103A;(&#x101B;&#x1014;&#x103A;&#x1000;&#x102F;&#x1014;&#x103A;)&#x104A; &#x101E;&#x102C;&#x101E;&#x1014;&#x1010;&#x1000;&#x1039;&#x1000;&#x101E;&#x102E;&#x101C;&#x102C; &#x1013;&#x1019;&#x1039;&#x1019;&#x102C;&#x1005;&#x101B;&#x102D;&#x101A; B.A (Buddhism) &#x1018;&#x103D;&#x1032;&#x1037;&#x1021;&#x1010;&#x103D;&#x1000;&#x103A; &#x1010;&#x1004;&#x103A;&#x101E;&#x103D;&#x1004;&#x103A;&#x1038;&#x101E;&#x1031;&#x102C;&#x1005;&#x102C;&#x1010;&#x1019;&#x103A;&#x1038; &#x1016;&#x103C;&#x1005;&#x103A;&#x1015;&#x102B;&#x101E;&#x100A;&#x103A;&#x104B;</subfield>
  </datafield>
  <datafield tag="500" ind1=" " ind2=" ">
    <subfield code="a">&#x1000;&#x103B;&#x1019;&#x103A;&#x1038;&#x1000;&#x102D;&#x102F;&#x1038;&#x1005;&#x102C;&#x101B;&#x1004;&#x103A;&#x1038;&#x1015;&#x102B;&#x101D;&#x1004;&#x103A;&#x101E;&#x100A;&#x103A;&#x104B;</subfield>
  </datafield>
  <datafield tag="502" ind1=" " ind2=" ">
    <subfield code="a">&#x1024;&#x1005;&#x102C;&#x1005;&#x102F;&#x1005;&#x102C;&#x101B;&#x1004;&#x103A;&#x1038;&#x1010;&#x103D;&#x1004;&#x103A;  &#x1021;&#x1015;&#x102D;&#x102F;&#x1004;&#x103A;&#x1038;(&#x1044;) &#x1015;&#x102D;&#x102F;&#x1004;&#x103A;&#x1038;&#x1001;&#x103D;&#x1032;&#x1000;&#x102C;&#x1010;&#x1004;&#x103A;&#x1015;&#x103C;&#x1011;&#x102C;&#x1038;&#x101E;&#x100A;&#x103A;&#x104B; &#x1021;&#x1015;&#x102D;&#x102F;&#x1004;&#x103A;&#x1038;(&#x1041;) &#x1010;&#x103D;&#x1004;&#x103A; &#x1021;&#x1000;&#x103C;&#x1031;&#x102C;&#x1004;&#x103A;&#x1038;&#x1021;&#x101B;&#x102C;&#x1021;&#x1000;&#x103B;&#x1009;&#x103A;&#x1038;&#x1014;&#x103E;&#x1004;&#x1037;&#x103A;&#x101B;&#x100A;&#x103A;&#x101B;&#x103D;&#x101A;&#x103A;&#x1001;&#x103B;&#x1000;&#x103A;&#x104A; &#x1021;&#x1015;&#x102D;&#x102F;&#x1004;&#x103A;&#x1038;(&#x1042;) &#x1010;&#x103D;&#x1004;&#x103A; &#x101E;&#x102E;&#x101C;&#x1015;&#x102B;&#x101B;&#x1019;&#x102E;&#x1001;&#x1014;&#x103A;&#x1038;&#x1000;&#x102D;&#x102F;&#x101C;&#x1031;&#x1037;&#x101C;&#x102C;&#x1001;&#x103C;&#x1004;&#x103A;&#x1038;&#x104A; &#x1021;&#x1015;&#x102D;&#x102F;&#x1004;&#x103A;&#x1038;(&#x1043;) &#x1010;&#x103D;&#x1004;&#x103A; &#x101D;&#x102D;&#x101B;&#x102D;&#x101A; &#x1015;&#x102B;&#x101B;&#x1019;&#x102E;&#x1001;&#x1014;&#x103A;&#x1038; &#x104A; &#x1021;&#x1015;&#x102D;&#x102F;&#x1004;&#x103A;&#x1038;(&#x1044;) &#x1010;&#x103D;&#x1004;&#x103A; &#x1021;&#x101B;&#x1031;&#x1038;&#x1021;&#x101E;&#x102C;&#x1038;&#x101C;&#x1031;&#x1037;&#x101C;&#x102C;&#x1015;&#x102F;&#x1036;&#x1000;&#x102D;&#x102F;&#x1010;&#x1004;&#x103A;&#x1015;&#x103C;&#x1001;&#x103C;&#x1004;&#x103A;&#x1038; &#x101F;&#x1030;&#x104D; &#x1016;&#x103C;&#x1005;&#x103A;&#x101E;&#x100A;&#x103A;&#x104B; </subfield>
  </datafield>
  <datafield tag="650" ind1=" " ind2=" ">
    <subfield code="a">B.A (Buddhism)</subfield>
  </datafield>
  <datafield tag="650" ind1=" " ind2=" ">
    <subfield code="a">&#x1019;&#x101F;&#x102C;&#x1017;&#x102F;&#x1012;&#x1039;&#x1013;&#x101D;&#x1004;&#x103A; </subfield>
  </datafield>
  <datafield tag="942" ind1=" " ind2=" ">
    <subfield code="2">ddc</subfield>
    <subfield code="c">THS</subfield>
    <subfield code="n">0</subfield>
  </datafield>
  <datafield tag="952" ind1=" " ind2=" ">
    <subfield code="0">0</subfield>
    <subfield code="1">0</subfield>
    <subfield code="2">ddc</subfield>
    <subfield code="4">0</subfield>
    <subfield code="7">1</subfield>
    <subfield code="8">Rfbs</subfield>
    <subfield code="a">DHAM</subfield>
    <subfield code="b">DHAM</subfield>
    <subfield code="c">Rfbs</subfield>
    <subfield code="d">2025-11-13</subfield>
    <subfield code="l">0</subfield>
    <subfield code="o">T-4 B.A</subfield>
    <subfield code="p">T-4 B.A</subfield>
    <subfield code="r">2025-11-13 15:10:36</subfield>
    <subfield code="w">2025-11-13</subfield>
    <subfield code="y">THS</subfield>
    <subfield code="A">T-4</subfield>
  </datafield>
  <datafield tag="999" ind1=" " ind2=" ">
    <subfield code="c">2464</subfield>
    <subfield code="d">2464</subfield>
  </datafield>
</record>
